| 000 | 00892nas a2200301 4500 | ||
|---|---|---|---|
| 001 | BR0802036 | ||
| 003 | BR-BrBNA | ||
| 005 | 20231205111909.0 | ||
| 007 | ta | ||
| 008 | 230509b bl.|||p| |||| 00| 00por d | ||
| 040 |
_aBR-BrBNA _bpor _cBiblioteca Nacional de Agricultura |
||
| 041 | _a(Pt) | ||
| 072 | _aL73 | ||
| 100 | 1 | _aAndrade, M.A.A. | |
| 100 | 1 | _aDias Filho, F. de C. | |
| 100 | 1 | _aCosta, R.R. da | |
| 245 | 1 | _aMastite bovina na bacia leiteira de Goiânia | |
| 650 | _aGADO LEITEIRO | ||
| 650 | _aMAMITE | ||
| 650 | _aLEITE | ||
| 650 | _aBACTÉRIA | ||
| 650 | _aSANIDADE ANIMAL | ||
| 650 | _aBACIA LEITEIRA | ||
| 650 | _aGOIÂNIA | ||
| 773 | 0 |
_tAnais da Escola de Agronomia e Veterinária - Universidade Federal de Goiás (Brazil) _xISSN 0100-218X _g(1984-1986), v. 14-16(1) p. 69-78 _wBR0802036 |
|
| 909 |
_a202311 _bLúcia _c55 _dLúcia Elande |
||
| 942 |
_2AGRIS _n0 _cANA |
||
| 999 |
_c195012 _d195012 |
||